000 00436nam a22001697a 4500
003 MPLRDC
005 20220104142719.0
008 210129b ||||| |||| 00| 0 eng d
082 _a945.32 LJY-3
100 _a锺瑜编著
245 _a李家耀专辑
_c
250 _a初版
260 _a
_b马来西亚艺术学院东方艺术研究中心
_c1995
300 _b
650 _a中国画册--题识
942 _cBK
_o945.32 LJY-3
999 _c33105
_d33095